Obálka Náhled e-knihy:
PDF Epub
Pro půjčování e-knih musíte být přihlášeni.
Jak si půjčit online?

Polární záře. Ostrov divokých koní /

Dívčí román s nádechem fantastiky se odehrává na Islandu a nechybí v něm koně, dobrodružství ani romantické vztahy.

Uloženo v:
Série:Polární záře, část 1
Hlavní autor: Müller, Karin, 1967- (Autor)
Další autoři: Řežábek, Rudolf, 1944- (Autor)
Médium: E-kniha
Jazyk:Czech
Vydáno: V Praze : Fragment, 2022
Vydání:1. vydání
Témata:
Příbuzné jednotky:Z cyklu:: Polární záře
Tagy:
Žádné tagy
LEADER 02847nam a2200517 i 4500
001 311507
003 CZ PrSKC
005 20260601215706.0
007 ta
008 220309s2022 xr c 000 f cze
015 |a cnb003398149 
020 |a 9788025356081  |q (vázáno) :  |c Kč 299,00 
035 |a (OCoLC)1310113397 
040 |a ABG001  |b cze  |e rda 
041 1 |a cze  |h ger 
072 7 |a 821.112.2-3  |x Německá próza, německy psaná  |2 Konspekt 
072 7 |a 821-93  |x Literatura pro děti a mládež (beletrie)  |2 Konspekt 
080 |a 821.112.2-31  |2 MRF 
080 |a 821-93  |2 MRF 
080 |a (0:82-31)-055.25  |2 MRF 
100 1 |a Müller, Karin,  |d 1967-  |7 xx0004247  |4 aut 
240 1 0 |a Im Land der wilden Pferde.  |l Česky 
245 1 0 |a Polární záře.  |p Ostrov divokých koní /  |c Karin Müllerová ; z německého originálu Nordlicht - Im Land der wilden Pferde ... přeložil Rudolf Řežábek 
246 3 0 |a Ostrov divokých koní 
250 |a 1. vydání 
264 1 |a V Praze :  |b Fragment,  |c 2022 
300 |a 214 stran ;  |c 22 cm 
336 |a text  |b txt  |2 rdacontent 
337 |a bez média  |b n  |2 rdamedia 
338 |a svazek  |b nc  |2 rdacarrier 
520 2 |a Dívčí román s nádechem fantastiky se odehrává na Islandu a nechybí v něm koně, dobrodružství ani romantické vztahy.  |b Proč má jet zrovna na Island! Patnáctiletá Elin není z plánované cesty nijak nadšená. Když však na ostrov přiletí, okamžitě s ním pocítí zvláštní spojení. Tento magický pocit ještě zesílí po setkání s tajemným mladíkem jménem Kári a poté, co pozná smutnou klisnu Ljósadís. Ostrov však skrývá ponuré tajemství. Blíží se něco hrozivého a ve velkém nebezpečí se ocitají koně i místní obyvatelé. Elin a její neviditelný přítel Kári mají najednou v rukou osud celého ostrova. Nakladatelská anotace. Kráceno. 
521 8 |a Pro čtenáře od 12 let 
655 7 |a německé romány  |7 fd132945  |2 czenas 
655 7 |a dívčí romány  |7 fd132186  |2 czenas 
655 7 |a publikace pro děti  |7 fd133156  |2 czenas 
655 9 |a German fiction  |2 eczenas 
655 9 |a girls' novels  |2 eczenas 
655 9 |a children's literature  |2 eczenas 
700 1 |a Řežábek, Rudolf,  |d 1944-  |7 ola2003198081  |4 trl 
787 0 8 |i Z cyklu:  |t Polární záře  |g 1 
900 |a ABA001  |b 20 
928 9 |a Albatros Media - Fragment 
044 |a xr 
910 |a RBIT002 
998 |d 346949  |a https://core.palmknihy.cz/api/books/346949/cover?si67g0  |b https://core.palmknihy.cz/api/books/346949/cover/400?si67g0  |c https://core.palmknihy.cz/api/books/346949/cover/50?si67g0  |e 2028-03-19  |g 216  |i 9788025356081  |j https://core.palmknihy.cz/api/books/346949/preview.epub  |k https://core.palmknihy.cz/api/books/346949/preview.pdf  |l   |q 49  |r 1  |s https://www.palmknihy.cz/kniha/346949  |t ebook  |y 2022  |z 0  |v Polární záře  |w 1 
999 |d 311505